000 00721nam a2200289Ia 4500
005 20260324133701.0
008 008 260324s9999 xx 000 0 eng d
020 _a9781315193809
037 _aEBOOK
040 _aCRL
040 _beng
040 _cCRL
041 _2eng
041 _aeng
084 _qCRL
100 _aChristian P. Scherrer
_91193996
245 0 _aEthnicity, Nationalism and Violence
245 0 _bConflict Management, Human Rights, and Multilateral Regimes
260 _bTaylor and Francis
260 _c2003
365 _a
365 _b255
856 _uhttp://www.taylorfrancis.com/books/9781315193809
942 _cEBOOK
999 _c1793318
_d1793318